00527nam a2200157Ia 4500020001800000082001500018245004900033260004200082300001400124504001900138650004000157650005300197650004900250650004900299700002100348 a9780199279791 a306.6 OXF- 0aOxford handbook of the sociology of religion aOxfordbOxford University Pressc2009 axvi, 1046 aincludes index aSociologyvHandbooks, mannuals,etc. aReligion and sociologyvHandbooks, mannuals,etc. aReligion and StatevHandbooks, mannuals,etc. aReligion and StatevHandbooks, mannuals,etc. aClarke, Peter B.